ბათუმის შოთა რუსთაველის სახელმწიფო უნივერსიტეტის ბიბლიოთეკა

დანგრეული ბუდეები (ბიბ.ჩანაწერი № 42581)

000 -LEADER
fixed length control field 01014nam a2200229Ia 4500
001 - CONTROL NUMBER
control field 9283
003 - CONTROL NUMBER IDENTIFIER
control field GE_BSU
008 - FIXED-LENGTH DATA ELEMENTS--GENERAL INFORMATION
fixed length control field 181216s||||||||xx |||||||||||||| ||und||
040 ## - CATALOGING SOURCE
Transcribing agency GE_BSU
080 ## - UNIVERSAL DECIMAL CLASSIFICATION NUMBER
Universal Decimal Classification number 821.353.1-32
100 ## - MAIN ENTRY--PERSONAL NAME
Personal name ლორთქიფანიძე,ნიკო
245 ## - TITLE STATEMENT
Title დანგრეული ბუდეები
245 ## - TITLE STATEMENT
Remainder of title მოთხრობები:მრისხანე ბატონი;რაინდები;დანგრეული ბუდეები;შელოცვა რადიოთი.
260 ## - PUBLICATION, DISTRIBUTION, ETC.
Place of publication, distribution, etc. ტფილისი.
260 ## - PUBLICATION, DISTRIBUTION, ETC.
Name of publisher, distributor, etc. სახელგამი
260 ## - PUBLICATION, DISTRIBUTION, ETC.
Date of publication, distribution, etc. 1933.
300 ## - PHYSICAL DESCRIPTION
Extent 307გვ;16სმ.
300 ## - PHYSICAL DESCRIPTION
Other physical details 1ფ.პორტრ.
653 ## - INDEX TERM--UNCONTROLLED
Uncontrolled term დანგრეული ბუდეები
653 ## - INDEX TERM--UNCONTROLLED
Uncontrolled term მოთხრობები:მრისხანე ბატონი;რაინდები;დანგრეული ბუდეები;შელოცვა რადიოთი.
942 ## - ADDED ENTRY ELEMENTS (KOHA)
Koha item type წიგნი
ეგზემპლარები
Withdrawn status Lost status Damaged status Not for loan Date acquired Barcode Date last seen Price effective from Koha item type
        2018-12-17 32102 2018-12-17 2018-12-17 წიგნი